banner koha

Moitas de rosas loiros trigais / (Registro n. 9445)

MARC details
000 -LÍDER
Campo de controle fixo 00563nam a2200229 4500
001 - NÚMERO DE CONTROLE
Número de controle BS2023000119
003 - CÓDIGO MARC DA AGÊNCIA CATALOGADORA
Campo de controle BR-BrBNA
005 - DATA E HORA DA ÚLTIMA ATUALIZAÇÃO
Campo de controle 20231017123410.0
008 - CAMPO DE TAMANHO FIXO
Campo fixo de controle 230622b2012 bl.||||| |||| 00| 0 por d
040 ## - FONTE DA CATALOGAÇÃO
Agência catalogadora BR-BrBNA
Idioma da catalogação por.
041 ## - CÓDIGO DO IDIOMA
Código do Idioma por.
072 ## - CATEGORIA DE CLASSIFICAÇÃO
Código da categoria de assunto S86
100 ## - ENTRADA PRINCIPAL - NOME PESSOAL
Código de relação aut.
Nome pessoal Stefanello, Olavo
245 ## - TÍTULO PRINCIPAL
Título principal Moitas de rosas loiros trigais /
260 ## - IMPRENTA (PUBLICAÇÃO, DISTRIBUIÇÃO, ETC.)
Lugar de publicação, distribuição, etc. Ibirubá - RS :
Nome do editor, distribuidor, etc. [ S.I.].
Data de publicação, distribuição, etc 2012
300 ## - DESCRIÇÃO FÍSICA
Extensão 252 p.
650 ## - ASSUNTO
Cabeçalho tópico ou nome geográfico LITERATURA BRASILEIRA
650 ## - ASSUNTO
Cabeçalho tópico ou nome geográfico POEMAS
909 ## - IDENTIFICAÇÃO DO CATALOGADOR
Ano e mês da catalogação (aaaamm) 202306
Identificação do catalogador Maria Neves
942 ## - TIPO ESPECÍFICO
Tipo de material Livros
Exemplares
Status de empréstimo Fonte de classificação Status de danificação Não pode ser emprestado Código da coleção Localização permanente Localização atual Total Checkouts Número de chamada Código de barras Date last seen Tipo de material Perdido Data de aquisição Fonte de aquisição Qualificador de localização codificada Preço Número de inventário Preço para reposição Preço efetivo a partir de
  Classificação AGRIS     Acervo Cultural Biblioteca Nacional de Agricultura - Binagri Biblioteca Nacional de Agricultura - Binagri   S86 BS2023000119 2023-435798 22/06/2023 Livros                

BINAGRI

Telefone: (61)3218-2567/2388/3357/2097 - binagri@agro.gov.br

Ministério da Agricultura e Pecuária , Esplanada dos Ministérios, Bloco D, Anexo B, Brasília/DF, CEP: 70.043-900